000 00470nam a2200157 i 4500
001 bg
245 0 _aUstawa z dnia 31 stycznia 1980 r. o ochronie i kształtowaniu środowiska :
_btekst jednolity-opracowanie własne.
250 _aStan prawny na dzień 3. VI 1993 r.
260 _aKoszalin :
_b"KAMA",
_c1993.
300 _a56 s. ;
_c21 cm.
040 _cBPK
041 _apol
080 _a504:349.6(438)
942 _cKS
008 s pl f |000 0 pol
999 _c29892
_d29892
856 _uhttp://koha.tu.koszalin.pl/cgi-bin/koha/opac-detail.pl?biblionumber=29892
_yKatalog online BPK